Criminology in Africa /
Enregistré dans:
| Auteur principal: | |
|---|---|
| Autres auteurs: | |
| Format: | Livre |
| Publié: |
Kampala, Uganda :
LawAfrica publishing (U) ltd,
c2011.
|
| Sujets: | |
| Tags: |
Ajouter un tag
Pas de tags, Soyez le premier à ajouter un tag!
|
MARC
| LEADER | 00000cam a2200000 a 4500 | ||
|---|---|---|---|
| 005 | 20260418140439.0 | ||
| 020 | |a 9789966031051 |c TZS 79,000/= | ||
| 040 | |a MCCL |b eng. |e AACR 2nd rev. ed. | ||
| 082 | |a 364.96 MUS | ||
| 100 | |a Mushanga, Mwene | ||
| 245 | 0 | 0 | |a Criminology in Africa / |c Mwene Mushanga (ed.) |
| 260 | |a Kampala, Uganda : |b LawAfrica publishing (U) ltd, |c c2011. | ||
| 300 | |a xiii, 303 p. : |b ill., maps ; |c 22 cm. | ||
| 504 | |a Includes bibliographical references. | ||
| 546 | |a In English, with some French. | ||
| 650 | 0 | |a Crime |z Africa. | |
| 650 | 0 | |a Criminal justice, Administration of |z Africa. | |
| 650 | 0 | |a Criminology |z Africa. | |
| 700 | 0 | |a Tibamanya mwene Mushanga. | |
| 942 | |c BK | ||
| 999 | |c 12689 |d 12689 | ||